My Favorite Celebrities - Statistics

General Stats
  • This quiz has been taken 26 times
  • The average score is 5 of 10
Answer Stats
Hint Answer % Correct
The Real Slim Shady, D12 (Rapper) Eminem
92%
Hunger Games, Funny, You should be off Pudding (Actress) Jennifer Lawrence
92%
Marvel, Used to be in jail (Actor) Robert Downey Jr.
65%
Black top white T shirt, Ocean Eyes (singer) Billie Eilish
58%
Mean Girls, The Notebook (Actress) Rachel McAdams
42%
Pixels, Murder Mystery, Jewish?, dresses Casual (Actor) Adam Sandler
38%
Dr. Spencer Reid (Actor) Matthew Gray Gubler
19%
Ryan Reynold for girls, Mean Girls (Singer) Renee Rapp
19%
This December, Mr. Loverman, Line Without a hook (Singer) Ricky Montgomery
15%
I wait for u, Treehouse, Race (Singer) Alex G
8%
No matching quizzes found
Score Distribution
Percent of People with Each Score
Percentile by Number Answered
Your Score History
You have not taken this quiz